| 000 | 00499nam a22001817a 4500 | ||
|---|---|---|---|
| 005 | 20260311170518.0 | ||
| 008 | 260311b |||||||| |||| 00| 0 eng d | ||
| 020 | _a978-81-7956-138-6 | ||
| 041 | _aeng | ||
| 082 | _a622 RAM-M | ||
| 100 |
_aRAMAN, R.K. _94920 |
||
| 245 | _aMINING ORAL : Useful for managership exams of DGMS, CIL, and other Recruitment Exam | ||
| 250 | _arevised enlarged edition | ||
| 260 |
_aDHANBAD _bLOVELY PRAKASHAN |
||
| 300 | _a329;P | ||
| 650 | _aMINING | ||
| 942 | _cBK | ||
| 999 |
_c9091 _d9089 |
||